| 000 | 00476nam a22001817i 4500 | ||
|---|---|---|---|
| 001 | 3538 | ||
| 003 | OSt | ||
| 005 | 20170126082320.0 | ||
| 007 | tu | ||
| 008 | 161220s xxu||||| |||| 00| 0 d | ||
| 024 | 7 |
_a3537 _2RID |
|
| 040 | _cOSt | ||
| 084 |
_a11.46 _a11.7 _2z |
||
| 245 | 0 | 0 | _aZukünftige Zusammenarbeit zwischen AKP und EU - Eine Partnerschaft über das Jahr 2000 hinaus |
| 260 | _a1997. | ||
| 300 | _c30cm | ||
| 110 | 2 |
_aFraktion der Sozialdemokratischen Partei Europas _eEd. |
|
| 942 | _cB | ||
| 999 |
_c3488 _d3488 |
||